Les branches du Christianisme - Statistiques

Statistiques générales
  • Ce quiz a été pris 84 fois
  • Le résultat moyen est 6 sur 20
Statistiques - réponses
Branche % Correct
Protestantisme
99%
Catholicisme
95%
Orthodoxie
69%
Évangélisme
51%
Anglicanisme
47%
Calvinisme
43%
Mormonisme
43%
Luthéranisme
41%
Baptisme
31%
Témoins de Jéhovah
23%
Anabaptisme
17%
Méthodisme
16%
Églises des trois conciles
13%
Pentecôtisme
13%
Église catholique romaine
9%
Églises catholiques orientales
9%
Presbytérianisme
9%
Adventisme
7%
Restaurationnisme
1%
Église des sept conciles
0%
Aucun quiz correspondant
Distribution des résultats
% des personnes avec chaque résultat
Percentile par nombre de réponses
Votre historique - résultats
Vous n’avez pas pris ce quiz